00549 a2200121 4500020001500000100001900015245007000034260012200104300002700226651005300253651005600306710006500362 a969832903X1 aHussain, Ijaz.10aKashmir dispute : an international law perspectivecIjaz Hussain. aIslamabad :bQuaid-i Azam Chair, National Institute of Pakistan Studies, Quaid-i- Azam University, Islamabad,cc1998. axiii, 309 p. ;c23 cm. 0aJammu and Kashmir (India)xInternational status. 0aJammu and Kashmir (India)xPolitics and government.2 aNational Institute of Pakistan Studies.bQuaid-i-Azam Chair.